00365nam a2200121Ia 4500008004100000020001800041082001900059100002000078245008200098260001800180300000800198650003700206230312s9999||||xx |||||||||||||| ||und|| a9780646495637 a338.470bHAR-T aIrene,Hammerich 0aDeveloping online content : the principles of writing and editing for the Web bSwitzerc2008 a204 aComputervInformation technology